Technologie výroby elektrických přístrojů

Gespeichert in:
Bibliographische Detailangaben
1. Verfasser: Král, Josef (Verfasst von)
Format: Buch
Sprache:Tschechisch
Veröffentlicht: Brno : Vysoké učení technické v Brně, 1978
Tags: Tag hinzufügen
Keine Tags, Fügen Sie das erste Tag hinzu!

MARC

LEADER 00000nam a22000003a 4500
001 stu201894
005 20150617230110.0
008 100331s1978----cs------------------cze-d
040 |a STU  |b slo 
041 0 |a cze 
044 |a cs 
080 |a 621.316.5 
080 |a 621.7 
100 1 |a Král, Josef  |4 aut 
245 1 |a Technologie výroby elektrických přístrojů 
260 |a Brno :  |b Vysoké učení technické v Brně,  |c 1978 
300 |a 195 s 
996 |b E41762  |c E*41762  |l EE04  |s P  |a 0  |w stu201894_0001 
996 |b E41766  |c E*41766  |l EE04  |s P  |a 0  |w stu201894_0005